000 00735nam a2200289Ia 4500
003 OSt
005 20220912150949.0
006 a|||||r|||| 00| 0
007 ta
008 220909b |||||||| |||| 00| 0 eng d
024 _a50333
037 _cTextual
040 _aCSL
_beng
_cCSL
041 _aeng
082 _aI21,112, M7
100 _aHardy K G Ed.
245 0 _aPlasmids: A practical approach
260 _aOxford
_bIRL Press
_c1987
300 _axi, 180p.
_ccm.
490 _aPractical approach series
500 _aIncludes bibliography
650 _a Bacteria
650 _a Protophyta
650 _aBotany
942 _hI21,112, M7
_cTEXL
_2CC
999 _c58303
_d58303